[Event "DEM U14w 2025"]
[Site "Willingen GER"]
[Date "2025.06.08"]
[Round "1"]
[White "Chen, Yueyi"]
[Black "Werner, Amelie"]
[Result "1-0"]
[Termination "normal"]
[Board "8"]
[WhiteElo "1851"]
[BlackElo "1544"]
[WhiteClock "00:40:34"]
[BlackClock "00:22:20"]
[PlyCount "151"]
[WhiteFideId "34653902"]
[BlackFideId "34639900"]
[EventCountry "GER"]
[EventRounds "9"]
[EventType "swiss"]
[EventDate "2025.06.07"]

1. e4 {[%clk 01:30:57]} {[%emt 00:00:02]} c5 {[%clk 01:30:55]} {[%emt
00:00:06]} 2. Nf3 {[%clk 01:31:19]} {[%emt 00:00:07]} Nc6 {[%clk 01:31:16]}
{[%emt 00:00:09]} 3. d4 {[%clk 01:31:40]} {[%emt 00:00:10]} cxd4 {[%clk
01:31:38]} {[%emt 00:00:09]} 4. Nxd4 {[%clk 01:32:03]} {[%emt 00:00:06]} g6
{[%clk 01:32:01]} {[%emt 00:00:07]} 5. c4 {[%clk 01:32:20]} {[%emt 00:00:13]}
Bg7 {[%clk 01:31:36]} {[%emt 00:00:54]} 6. Be3 {[%clk 01:32:36]} {[%emt
00:00:15]} Nf6 {[%clk 01:31:42]} {[%emt 00:00:24]} 7. Nc3 {[%clk 01:32:48]}
{[%emt 00:00:18]} O-O {[%clk 01:30:56]} {[%emt 00:01:16]} 8. Be2 {[%clk
01:33:00]} {[%emt 00:00:18]} a5 {[%clk 01:22:29]} {[%emt 00:08:57]} 9. b3
{[%clk 01:30:03]} {[%emt 00:03:26]} Nxd4 {[%clk 01:13:43]} {[%emt 00:09:16]}
10. Bxd4 {[%clk 01:30:11]} {[%emt 00:00:23]} d6 {[%clk 01:14:02]} {[%emt
00:00:11]} 11. O-O {[%clk 01:26:22]} {[%emt 00:04:19]} Bd7 {[%clk 01:12:58]}
{[%emt 00:01:34]} 12. Qd2 {[%clk 01:24:28]} {[%emt 00:02:23]} Bc6 {[%clk
01:10:19]} {[%emt 00:03:09]} 13. f3 {[%clk 01:24:40]} {[%emt 00:00:19]} e5
{[%clk 00:51:50]} {[%emt 00:18:59]} 14. Be3 {[%clk 01:24:27]} {[%emt 00:00:42]}
Qe7 {[%clk 00:47:43]} {[%emt 00:04:38]} 15. Rad1 {[%clk 01:23:30]} {[%emt
00:01:26]} Rfd8 {[%clk 00:47:07]} {[%emt 00:01:07]} 16. Bb6 {[%clk 01:23:23]}
{[%emt 00:00:37]} Rd7 {[%clk 00:46:24]} {[%emt 00:01:13]} 17. a3 {[%clk
01:23:02]} {[%emt 00:00:52]} Ra6 {[%clk 00:44:19]} {[%emt 00:02:34]} 18. Qe3
{[%clk 01:22:17]} {[%emt 00:01:13]} Ra8 {[%clk 00:32:32]} {[%emt 00:12:19]} 19.
b4 {[%clk 01:21:42]} {[%emt 00:01:05]} Rc7 {[%clk 00:29:58]} {[%emt 00:03:04]}
20. Bxc7 {[%clk 01:20:42]} {[%emt 00:01:30]} Qxc7 {[%clk 00:30:23]} {[%emt
00:00:05]} 21. b5 {[%clk 01:19:12]} {[%emt 00:02:00]} Be8 {[%clk 00:30:07]}
{[%emt 00:00:45]} 22. b6 {[%clk 01:17:40]} {[%emt 00:02:02]} Qe7 {[%clk
00:25:27]} {[%emt 00:05:10]} 23. Nd5 {[%clk 01:17:07]} {[%emt 00:01:03]} Nxd5
{[%clk 00:25:32]} {[%emt 00:00:26]} 24. cxd5 {[%clk 01:17:12]} {[%emt
00:00:24]} Bf6 {[%clk 00:25:21]} {[%emt 00:00:41]} 25. g3 {[%clk 01:14:54]}
{[%emt 00:02:48]} Bg5 {[%clk 00:20:59]} {[%emt 00:04:52]} 26. f4 {[%clk
01:13:12]} {[%emt 00:02:11]} exf4 {[%clk 00:20:20]} {[%emt 00:01:10]} 27. gxf4
{[%clk 01:13:38]} {[%emt 00:00:05]} Bh4 {[%clk 00:20:31]} {[%emt 00:00:18]} 28.
Rc1 {[%clk 01:12:13]} {[%emt 00:01:55]} Rb8 {[%clk 00:19:08]} {[%emt 00:01:54]}
29. Rc7 {[%clk 01:11:56]} {[%emt 00:00:46]} Qf8 {[%clk 00:18:36]} {[%emt
00:01:02]} 30. Qc3 {[%clk 01:11:15]} {[%emt 00:01:11]} Bd8 {[%clk 00:18:45]}
{[%emt 00:00:22]} 31. Qxa5 {[%clk 01:08:57]} {[%emt 00:02:47]} Bxc7 {[%clk
00:17:40]} {[%emt 00:01:35]} 32. bxc7 {[%clk 01:09:23]} {[%emt 00:00:05]} Rc8
{[%clk 00:18:06]} {[%emt 00:00:04]} 33. Qb6 {[%clk 01:07:24]} {[%emt 00:02:28]}
Qe7 {[%clk 00:18:00]} {[%emt 00:00:36]} 34. Qxb7 {[%clk 01:04:00]} {[%emt
00:03:55]} Rxc7 {[%clk 00:18:20]} {[%emt 00:00:10]} 35. Qb4 {[%clk 01:04:10]}
{[%emt 00:00:19]} Rc2 {[%clk 00:18:09]} {[%emt 00:00:42]} 36. Bd3 {[%clk
01:03:09]} {[%emt 00:01:30]} Ra2 {[%clk 00:18:27]} {[%emt 00:00:12]} 37. Qb3
{[%clk 01:02:25]} {[%emt 00:01:14]} Rd2 {[%clk 00:18:34]} {[%emt 00:00:23]} 38.
Qc3 {[%emt 00:00:35]} Ra2 {[%clk 00:18:53]} 39. Bc4 {[%clk 01:01:43]} {[%emt
00:01:17]} Bb5 {[%clk 00:18:59]} {[%emt 00:00:25]} 40. Bxa2 {[%clk 00:59:22]}
{[%emt 00:02:51]} Bxf1 {[%clk 00:19:21]} {[%emt 00:00:08]} 41. Kxf1 {[%clk
00:59:49]} {[%emt 00:00:03]} Qxe4 {[%clk 00:19:43]} {[%emt 00:00:08]} 42. Kg1
{[%clk 00:49:24]} {[%emt 00:10:55]} Qxf4 {[%clk 00:19:49]} {[%emt 00:00:24]}
43. Bb3 {[%clk 00:49:33]} {[%emt 00:00:21]} Qg5+ {[%clk 00:19:14]} {[%emt
00:01:05]} 44. Kf2 {[%clk 00:48:53]} {[%emt 00:01:10]} Qf4+ {[%clk 00:19:13]}
{[%emt 00:00:31]} 45. Kg1 {[%clk 00:46:00]} {[%emt 00:03:23]} Qg5+ {[%clk
00:19:35]} {[%emt 00:00:07]} 46. Kh1 {[%clk 00:46:10]} {[%emt 00:00:20]} Qf4
{[%clk 00:19:48]} {[%emt 00:00:18]} 47. Kg2 {[%clk 00:45:11]} {[%emt 00:01:28]}
Qg4+ {[%clk 00:19:49]} {[%emt 00:00:30]} 48. Qg3 {[%clk 00:44:42]} {[%emt
00:00:59]} Qe2+ {[%clk 00:19:51]} {[%emt 00:00:28]} 49. Kg1 {[%clk 00:43:59]}
{[%emt 00:01:13]} Qb2 {[%clk 00:19:04]} {[%emt 00:01:17]} 50. a4 {[%clk
00:42:07]} {[%emt 00:02:23]} Qa1+ {[%clk 00:19:22]} {[%emt 00:00:11]} 51. Kg2
{[%clk 00:41:42]} {[%emt 00:00:55]} Qb2+ {[%clk 00:19:32]} {[%emt 00:00:20]}
52. Kh3 {[%clk 00:41:28]} {[%emt 00:00:43]} Qd2 {[%clk 00:19:53]} {[%emt
00:00:07]} 53. Qxd6 {[%clk 00:40:27]} {[%emt 00:01:34]} Qc3+ {[%clk 00:19:52]}
{[%emt 00:00:31]} 54. Qg3 {[%clk 00:40:47]} {[%emt 00:00:10]} Qd2 {[%clk
00:20:01]} {[%emt 00:00:22]} 55. d6 {[%clk 00:38:42]} {[%emt 00:02:34]} Qh6+
{[%clk 00:20:20]} {[%emt 00:00:11]} 56. Kg2 {[%clk 00:39:08]} {[%emt 00:00:04]}
Qd2+ {[%clk 00:20:41]} {[%emt 00:00:09]} 57. Kf3 {[%clk 00:38:07]} {[%emt
00:01:31]} Qd3+ {[%clk 00:20:44]} {[%emt 00:00:27]} 58. Kf2 {[%clk 00:38:00]}
{[%emt 00:00:37]} Qd2+ {[%clk 00:21:02]} {[%emt 00:00:11]} 59. Kf1 {[%clk
00:38:20]} {[%emt 00:00:10]} Qc1+ {[%clk 00:21:07]} {[%emt 00:00:26]} 60. Ke2
{[%clk 00:38:26]} {[%emt 00:00:25]} Qb2+ {[%clk 00:21:21]} {[%emt 00:00:15]}
61. Kd1 {[%clk 00:36:56]} {[%emt 00:01:59]} Qb1+ {[%clk 00:21:42]} {[%emt
00:00:10]} 62. Kd2 {[%clk 00:37:18]} {[%emt 00:00:08]} Qb2+ {[%clk 00:22:08]}
{[%emt 00:00:05]} 63. Bc2 {[%clk 00:37:40]} {[%emt 00:00:08]} Qd4+ {[%clk
00:22:22]} {[%emt 00:00:16]} 64. Qd3 {[%clk 00:37:51]} {[%emt 00:00:18]} Qf4+
{[%clk 00:22:14]} {[%emt 00:00:37]} 65. Kc3 {[%clk 00:37:54]} {[%emt 00:00:28]}
Qe5+ {[%clk 00:22:01]} {[%emt 00:00:43]} 66. Kb3 {[%clk 00:38:02]} {[%emt
00:00:22]} Qxh2 {[%clk 00:22:07]} {[%emt 00:00:24]} 67. d7 {[%clk 00:38:06]}
{[%emt 00:00:26]} Qb8+ {[%clk 00:22:31]} {[%emt 00:00:06]} 68. Ka3 {[%clk
00:38:23]} {[%emt 00:00:13]} Qf8+ {[%clk 00:22:33]} {[%emt 00:00:29]} 69. Ka2
{[%clk 00:38:47]} {[%emt 00:00:06]} Qd8 {[%clk 00:22:54]} {[%emt 00:00:08]} 70.
Bb3 {[%clk 00:39:12]} {[%emt 00:00:05]} Kg7 {[%clk 00:21:36]} {[%emt 00:01:48]}
71. Qd5 {[%clk 00:39:23]} {[%emt 00:00:19]} Qg5 {[%clk 00:21:02]} {[%emt
00:01:04]} 72. Qxg5 {[%clk 00:39:44]} {[%emt 00:00:09]} h6 {[%clk 00:21:24]}
{[%emt 00:00:09]} 73. Qe7 {[%clk 00:40:09]} {[%emt 00:00:05]} h5 {[%clk
00:21:40]} {[%emt 00:00:14]} 74. Qxf7+ {[%clk 00:40:33]} {[%emt 00:00:05]} Kh6
{[%clk 00:22:04]} {[%emt 00:00:06]} 75. Bc2 {[%clk 00:40:55]} {[%emt 00:00:08]}
h4 {[%clk 00:22:20]} {[%emt 00:00:14]} 76. Qxg6# {[%clk 00:40:34]} {[%emt
00:00:03]} 1-0

[Event "DEM U14w 2025"]
[Site "Willingen GER"]
[Date "2025.06.08"]
[Round "1"]
[White "Fettan, Nua"]
[Black "Tu, Audrey"]
[Result "0-1"]
[Termination "normal"]
[Board "9"]
[WhiteElo "1576"]
[BlackElo "1753"]
[WhiteClock "00:11:35"]
[BlackClock "00:04:53"]
[PlyCount "118"]
[WhiteFideId "34637362"]
[BlackFideId "34628568"]
[EventCountry "GER"]
[EventRounds "9"]
[EventType "swiss"]
[EventDate "2025.06.07"]

1. e4 {[%clk 01:30:59]} e5 {[%clk 01:30:56]} {[%emt 00:00:05]} 2. Nf3 {[%clk
01:31:24]} {[%emt 00:00:05]} Nc6 {[%clk 01:31:20]} {[%emt 00:00:06]} 3. Bc4
{[%clk 01:31:35]} {[%emt 00:00:19]} Bc5 {[%clk 01:31:33]} {[%emt 00:00:17]} 4.
c3 {[%clk 01:31:58]} {[%emt 00:00:07]} Nf6 {[%clk 01:31:58]} {[%emt 00:00:06]}
5. d4 {[%clk 01:32:22]} {[%emt 00:00:06]} exd4 {[%clk 01:32:14]} {[%emt
00:00:13]} 6. cxd4 {[%clk 01:32:50]} {[%emt 00:00:02]} Bb4+ {[%clk 01:32:32]}
{[%emt 00:00:12]} 7. Nbd2 {[%clk 01:33:07]} {[%emt 00:00:13]} d5 {[%clk
01:18:19]} {[%emt 00:14:44]} 8. exd5 {[%clk 01:28:53]} {[%emt 00:04:43]} Nxd5
{[%clk 01:16:38]} {[%emt 00:02:11]} 9. O-O {[%clk 01:23:44]} {[%emt 00:05:39]}
O-O {[%clk 01:14:46]} {[%emt 00:02:22]} 10. a3 {[%clk 01:20:14]} {[%emt
00:04:00]} Be7 {[%clk 01:08:12]} {[%emt 00:07:03]} 11. h3 {[%clk 01:06:35]}
{[%emt 00:14:10]} Nb6 {[%clk 01:02:04]} {[%emt 00:06:38]} 12. Qb3 {[%clk
00:55:40]} {[%emt 00:11:25]} Nxd4 {[%clk 00:51:19]} {[%emt 00:11:15]} 13. Nxd4
{[%clk 00:53:52]} {[%emt 00:02:18]} Qxd4 {[%clk 00:51:13]} {[%emt 00:00:36]}
14. Re1 {[%clk 00:53:47]} {[%emt 00:00:34]} Bc5 {[%clk 00:36:52]} {[%emt
00:14:51]} 15. Qe3 {[%clk 00:51:22]} {[%emt 00:02:56]} Qxe3 {[%clk 00:28:06]}
{[%emt 00:09:16]} 16. fxe3 {[%emt 00:00:17]} Re8 {[%clk 00:27:15]} {[%emt
00:01:18]} 17. Kf2 {[%clk 00:48:28]} {[%emt 00:03:39]} Nxc4 {[%clk 00:25:08]}
{[%emt 00:02:38]} 18. Nxc4 {[%clk 00:47:04]} {[%emt 00:01:54]} b6 {[%clk
00:21:58]} {[%emt 00:03:40]} 19. b4 {[%clk 00:46:56]} {[%emt 00:00:38]} Be7
{[%clk 00:21:32]} {[%emt 00:00:55]} 20. Bb2 {[%clk 00:45:44]} {[%emt 00:01:42]}
Ba6 {[%clk 00:20:11]} {[%emt 00:01:51]} 21. Rac1 {[%clk 00:44:39]} {[%emt
00:01:35]} Rad8 {[%clk 00:17:22]} {[%emt 00:03:18]} 22. Be5 {[%clk 00:35:06]}
{[%emt 00:10:04]} Bxc4 {[%clk 00:14:32]} {[%emt 00:03:20]} 23. Rxc4 {[%clk
00:35:01]} {[%emt 00:00:35]} Bh4+ {[%clk 00:12:43]} {[%emt 00:02:16]} 24. Bg3
{[%clk 00:35:27]} {[%emt 00:00:07]} Bxg3+ {[%clk 00:08:42]} {[%emt 00:04:31]}
25. Kxg3 {[%clk 00:35:50]} {[%emt 00:00:07]} Rc8 {[%clk 00:07:31]} {[%emt
00:01:42]} 26. Kf3 {[%clk 00:32:59]} {[%emt 00:03:21]} c5 {[%clk 00:04:35]}
{[%emt 00:03:26]} 27. Rec1 {[%clk 00:32:55]} {[%emt 00:00:34]} Re5 {[%clk
00:04:22]} {[%emt 00:00:38]} 28. R1c3 {[%clk 00:26:50]} {[%emt 00:06:40]} f6
{[%clk 00:03:42]} {[%emt 00:01:10]} 29. bxc5 {[%clk 00:26:45]} {[%emt
00:00:34]} Rcxc5 {[%clk 00:02:17]} {[%emt 00:01:55]} 30. Rxc5 {[%clk 00:26:28]}
{[%emt 00:00:47]} bxc5 {[%clk 00:02:37]} {[%emt 00:00:09]} 31. Rb3 {[%clk
00:17:34]} {[%emt 00:09:25]} c4 {[%clk 00:01:39]} {[%emt 00:01:29]} 32. Rb8+
{[%clk 00:13:04]} {[%emt 00:05:00]} Kf7 {[%clk 00:02:04]} {[%emt 00:00:04]} 33.
Rc8 {[%clk 00:12:47]} {[%emt 00:00:47]} Ra5 {[%clk 00:02:24]} {[%emt 00:00:09]}
34. Rxc4 {[%clk 00:12:52]} {[%emt 00:00:26]} Rxa3 {[%clk 00:02:50]} {[%emt
00:00:04]} 35. Rd4 {[%clk 00:09:37]} {[%emt 00:03:45]} Ra1 {[%clk 00:02:22]}
{[%emt 00:00:54]} 36. Rd7+ {[%clk 00:08:24]} {[%emt 00:01:47]} Kg6 {[%clk
00:02:38]} {[%emt 00:00:14]} 37. Kg4 {[%clk 00:07:02]} {[%emt 00:01:52]} a5
{[%clk 00:02:20]} {[%emt 00:00:49]} 38. Ra7 {[%clk 00:06:11]} {[%emt 00:01:20]}
a4 {[%clk 00:02:06]} {[%emt 00:00:44]} 39. h4 {[%clk 00:05:31]} {[%emt
00:01:10]} h5+ {[%clk 00:01:36]} {[%emt 00:00:59]} 40. Kf4 {[%clk 00:05:30]}
{[%emt 00:00:33]} a3 {[%clk 00:01:27]} {[%emt 00:00:38]} 41. Ke4 {[%clk
00:04:28]} {[%emt 00:01:32]} a2 {[%clk 00:26:26]} {[%emt 00:05:31]} 42. Ra6
{[%clk 00:33:07]} {[%emt 00:01:52]} Rh1 {[%clk 00:23:58]} {[%emt 00:02:57]} 43.
Rxa2 {[%clk 00:33:03]} {[%emt 00:00:34]} Rxh4+ {[%clk 00:24:20]} {[%emt
00:00:07]} 44. Kf3 {[%clk 00:32:58]} {[%emt 00:00:36]} Rh1 {[%clk 00:19:31]}
{[%emt 00:05:15]} 45. Rf2 {[%clk 00:29:29]} {[%emt 00:04:03]} h4 {[%clk
00:17:31]} {[%emt 00:02:29]} 46. Rd2 {[%clk 00:20:55]} {[%emt 00:09:05]} h3
{[%clk 00:12:52]} {[%emt 00:05:10]} 47. g4 {[%clk 00:14:33]} {[%emt 00:06:52]}
h2 {[%clk 00:10:36]} {[%emt 00:02:43]} 48. Kg2 {[%clk 00:11:59]} {[%emt
00:03:07]} Rg1+ {[%clk 00:10:52]} {[%emt 00:00:13]} 49. Kxh2 {[%clk 00:12:21]}
{[%emt 00:00:08]} Rxg4 {[%clk 00:11:10]} {[%emt 00:00:11]} 50. Rg2 {[%clk
00:12:26]} {[%emt 00:00:26]} Rxg2+ {[%clk 00:11:09]} {[%emt 00:00:31]} 51. Kxg2
{[%clk 00:12:48]} {[%emt 00:00:08]} Kf5 {[%clk 00:10:18]} {[%emt 00:01:21]} 52.
Kf3 {[%clk 00:12:40]} {[%emt 00:00:38]} Ke5 {[%clk 00:09:13]} {[%emt 00:01:35]}
53. e4 {[%clk 00:12:23]} {[%emt 00:00:47]} f5 {[%clk 00:07:30]} {[%emt
00:02:14]} 54. exf5 {[%clk 00:11:56]} {[%emt 00:00:56]} Kxf5 {[%clk 00:07:56]}
{[%emt 00:00:04]} 55. Kg3 {[%clk 00:11:49]} {[%emt 00:00:36]} Kg5 {[%clk
00:08:13]} {[%emt 00:00:14]} 56. Kf2 {[%clk 00:11:44]} {[%emt 00:00:35]} Kf4
{[%clk 00:07:05]} {[%emt 00:01:38]} 57. Kg2 {[%clk 00:11:27]} {[%emt 00:00:47]}
Kg4 {[%clk 00:06:29]} {[%emt 00:01:06]} 58. Kh1 {[%clk 00:11:24]} {[%emt
00:00:33]} Kg3 {[%clk 00:05:35]} {[%emt 00:01:24]} 59. Kg1 {[%clk 00:11:35]}
{[%emt 00:00:19]} g6 {[%clk 00:04:53]} {[%emt 00:01:12]} 0-1

[Event "DEM U14w 2025"]
[Site "Willingen GER"]
[Date "2025.06.08"]
[Round "1"]
[White "Mehner, Clara"]
[Black "Margaryan, Mane"]
[Result "1/2-1/2"]
[Termination "normal"]
[Board "10"]
[WhiteElo "1643"]
[BlackElo "1519"]
[WhiteClock "00:02:03"]
[BlackClock "00:00:47"]
[PlyCount "145"]
[WhiteFideId "34612165"]
[BlackFideId "16268237"]
[EventCountry "GER"]
[EventRounds "9"]
[EventType "swiss"]
[EventDate "2025.06.07"]

1. e4 {[%clk 01:30:59]} c5 {[%clk 01:30:56]} {[%emt 00:00:05]} 2. Nf3 {[%clk
01:31:20]} {[%emt 00:00:08]} d6 {[%clk 01:31:19]} {[%emt 00:00:07]} 3. d4
{[%clk 01:31:37]} {[%emt 00:00:13]} cxd4 {[%clk 01:31:44]} {[%emt 00:00:06]} 4.
Nxd4 {[%clk 01:31:58]} {[%emt 00:00:07]} Nf6 {[%clk 01:32:10]} {[%emt
00:00:05]} 5. f3 {[%clk 01:31:48]} {[%emt 00:00:40]} e5 {[%clk 01:32:29]}
{[%emt 00:00:11]} 6. Bb5+ {[%clk 01:31:47]} {[%emt 00:00:30]} Nbd7 {[%clk
01:32:31]} {[%emt 00:00:29]} 7. Nf5 {[%clk 01:31:30]} {[%emt 00:00:47]} d5
{[%clk 01:31:48]} {[%emt 00:01:14]} 8. exd5 {[%clk 01:15:55]} {[%emt 00:16:05]}
a6 {[%clk 01:31:01]} {[%emt 00:01:17]} 9. Bxd7+ {[%clk 01:12:10]} {[%emt
00:04:14]} Bxd7 {[%clk 01:31:16]} {[%emt 00:00:16]} 10. Ne3 {[%clk 01:10:54]}
{[%emt 00:01:45]} Bc5 {[%clk 01:30:09]} {[%emt 00:01:37]} 11. c4 {[%clk
00:57:36]} {[%emt 00:13:49]} Nh5 {[%clk 01:17:50]} {[%emt 00:12:48]} 12. O-O
{[%clk 00:44:36]} {[%emt 00:13:31]} O-O {[%emt 00:16:40]} 13. Qe1 {[%clk
00:25:47]} {[%emt 00:10:01]} f5 {[%clk 01:05:17]} {[%emt 00:06:11]} 14. Kh1
{[%clk 00:24:27]} {[%emt 00:01:50]} b5 {[%clk 00:44:03]} {[%emt 00:21:44]} 15.
Bd2 {[%clk 00:13:52]} {[%emt 00:11:05]} Bd4 {[%clk 00:36:22]} {[%emt 00:08:10]}
16. Bc3 {[%clk 00:13:08]} {[%emt 00:01:15]} Re8 {[%clk 00:28:42]} {[%emt
00:08:10]} 17. Nd2 {[%clk 00:06:39]} {[%emt 00:06:59]} Qg5 {[%clk 00:14:45]}
{[%emt 00:14:26]} 18. Nc2 {[%clk 00:05:51]} {[%emt 00:01:19]} Nf4 {[%clk
00:10:59]} {[%emt 00:04:16]} 19. Qg3 {[%clk 00:05:10]} {[%emt 00:01:10]} Qxg3
{[%clk 00:08:47]} {[%emt 00:02:42]} 20. hxg3 {[%clk 00:05:35]} {[%emt
00:00:06]} Bxc3 {[%clk 00:07:57]} {[%emt 00:01:20]} 21. bxc3 {[%clk 00:05:47]}
{[%emt 00:00:18]} Ne2 {[%clk 00:07:46]} {[%emt 00:00:41]} 22. Kh2 {[%clk
00:05:26]} {[%emt 00:00:50]} Nxc3 {[%clk 00:05:54]} {[%emt 00:02:24]} 23. Rfe1
{[%clk 00:04:49]} {[%emt 00:01:06]} bxc4 {[%clk 00:05:39]} {[%emt 00:00:46]}
24. Nxc4 {[%clk 00:04:39]} {[%emt 00:00:39]} e4 {[%clk 00:03:42]} {[%emt
00:02:27]} 25. d6 {[%clk 00:03:11]} {[%emt 00:01:58]} Re6 {[%clk 00:01:38]}
{[%emt 00:02:34]} 26. Nd4 {[%clk 00:02:02]} {[%emt 00:01:37]} Rh6+ {[%clk
00:01:38]} {[%emt 00:00:31]} 27. Kg1 {[%clk 00:02:25]} {[%emt 00:00:08]} Nb5
{[%clk 00:00:52]} {[%emt 00:01:16]} 28. Nb6 {[%clk 00:01:24]} {[%emt 00:01:31]}
Nxd4 {[%clk 00:00:53]} {[%emt 00:00:29]} 29. Nxa8 {[%clk 00:01:40]} {[%emt
00:00:14]} Nc2 {[%clk 00:01:08]} {[%emt 00:00:15]} 30. Rac1 {[%clk 00:01:09]}
{[%emt 00:01:00]} Nxe1 {[%clk 00:00:52]} {[%emt 00:00:46]} 31. Rxe1 {[%clk
00:01:28]} {[%emt 00:00:11]} exf3 {[%clk 00:00:34]} {[%emt 00:00:48]} 32. gxf3
{[%clk 00:00:56]} {[%emt 00:01:02]} Rxd6 {[%clk 00:00:41]} {[%emt 00:00:23]}
33. Nc7 {[%clk 00:01:03]} {[%emt 00:00:23]} a5 {[%clk 00:00:37]} {[%emt
00:00:35]} 34. Re2 {[%clk 00:00:37]} {[%emt 00:00:56]} Rc6 {[%clk 00:00:34]}
{[%emt 00:00:33]} 35. Nd5 {[%clk 00:00:48]} {[%emt 00:00:16]} Rc5 {[%clk
00:00:33]} {[%emt 00:00:34]} 36. Rd2 {[%clk 00:00:37]} {[%emt 00:00:41]} Be6
{[%clk 00:00:34]} {[%emt 00:00:29]} 37. Nf4 {[%clk 00:00:43]} {[%emt 00:00:20]}
Re5 {[%clk 00:00:34]} {[%emt 00:00:34]} 38. Kf2 {[%clk 00:00:33]} {[%emt
00:00:41]} Bc4 {[%clk 00:00:39]} {[%emt 00:00:25]} 39. Rc2 {[%clk 00:00:36]}
{[%emt 00:00:25]} Be6 {[%clk 00:00:42]} {[%emt 00:00:27]} 40. Nxe6 {[%clk
00:00:37]} {[%emt 00:00:29]} Rxe6 {[%emt 00:00:28]} 41. Rc5 {[%clk 00:00:57]}
Ra6 {[%clk 00:27:34]} {[%emt 00:03:50]} 42. Rxf5 {[%clk 00:30:41]} {[%emt
00:00:47]} a4 {[%clk 00:26:18]} {[%emt 00:01:47]} 43. a3 {[%clk 00:29:47]}
{[%emt 00:01:24]} Rb6 {[%clk 00:23:27]} {[%emt 00:03:20]} 44. Rd5 {[%clk
00:24:34]} {[%emt 00:05:40]} Rb3 {[%clk 00:16:20]} {[%emt 00:07:40]} 45. Ra5
{[%clk 00:20:01]} {[%emt 00:05:03]} Rxa3 {[%clk 00:15:16]} {[%emt 00:01:34]}
46. Ra7 {[%clk 00:16:32]} {[%emt 00:03:58]} h6 {[%clk 00:08:36]} {[%emt
00:07:10]} 47. f4 {[%clk 00:11:01]} {[%emt 00:06:02]} Ra2+ {[%clk 00:07:58]}
{[%emt 00:01:08]} 48. Kf3 {[%clk 00:08:43]} {[%emt 00:02:46]} a3 {[%clk
00:08:05]} {[%emt 00:00:25]} 49. f5 {[%clk 00:04:35]} {[%emt 00:04:37]} Ra1
{[%clk 00:05:20]} {[%emt 00:03:16]} 50. Kg2 {[%clk 00:04:19]} {[%emt 00:00:44]}
a2 {[%clk 00:04:37]} {[%emt 00:01:15]} 51. g4 {[%clk 00:04:02]} {[%emt
00:00:46]} Kf8 {[%clk 00:03:56]} {[%emt 00:01:12]} 52. Kh2 {[%clk 00:03:56]}
{[%emt 00:00:34]} Ke8 {[%clk 00:02:38]} {[%emt 00:01:50]} 53. Kg2 {[%clk
00:03:26]} {[%emt 00:00:59]} Kd8 {[%clk 00:02:37]} {[%emt 00:00:33]} 54. Kh2
{[%clk 00:03:31]} {[%emt 00:00:24]} Kc8 {[%clk 00:02:53]} {[%emt 00:00:13]} 55.
Kg2 {[%clk 00:03:43]} {[%emt 00:00:18]} Kb8 {[%clk 00:03:15]} {[%emt 00:00:09]}
56. Ra3 {[%clk 00:03:12]} {[%emt 00:01:00]} Kc7 {[%clk 00:02:30]} {[%emt
00:01:16]} 57. Ra7+ {[%clk 00:02:35]} {[%emt 00:01:07]} Kd6 {[%clk 00:02:46]}
{[%emt 00:00:15]} 58. Ra5 {[%clk 00:01:41]} {[%emt 00:01:23]} Kc6 {[%clk
00:01:45]} {[%emt 00:01:31]} 59. Kh2 {[%clk 00:01:35]} {[%emt 00:00:35]} Kb6
{[%clk 00:02:05]} {[%emt 00:00:12]} 60. Ra8 {[%clk 00:01:34]} {[%emt 00:00:30]}
Kc5 {[%clk 00:01:31]} {[%emt 00:01:03]} 61. Kg2 {[%clk 00:01:30]} {[%emt
00:00:35]} Kd4 {[%clk 00:01:00]} {[%emt 00:01:01]} 62. Rd8+ {[%clk 00:01:21]}
{[%emt 00:00:39]} Ke4 {[%clk 00:00:57]} {[%emt 00:00:33]} 63. Ra8 {[%clk
00:01:35]} {[%emt 00:00:16]} Kf4 {[%clk 00:00:52]} {[%emt 00:00:35]} 64. Ra4+
{[%clk 00:01:51]} {[%emt 00:00:13]} Kg5 {[%clk 00:00:55]} {[%emt 00:00:28]} 65.
Kh2 {[%clk 00:01:27]} {[%emt 00:00:52]} h5 {[%clk 00:00:52]} {[%emt 00:00:35]}
66. gxh5 {[%clk 00:01:22]} {[%emt 00:00:35]} Kxh5 {[%clk 00:00:38]} {[%emt
00:00:44]} 67. Ra5 {[%clk 00:01:15]} {[%emt 00:00:38]} Kg5 {[%clk 00:00:34]}
{[%emt 00:00:33]} 68. Kg2 {[%clk 00:01:20]} {[%emt 00:00:25]} Rb1 {[%clk
00:00:33]} {[%emt 00:00:31]} 69. Rxa2 {[%clk 00:01:07]} {[%emt 00:00:44]} Kxf5
{[%clk 00:00:35]} {[%emt 00:00:28]} 70. Ra5+ {[%clk 00:01:22]} {[%emt
00:00:14]} Kg6 {[%clk 00:00:33]} {[%emt 00:00:32]} 71. Ra6+ {[%clk 00:01:29]}
{[%emt 00:00:23]} Kf5 {[%clk 00:00:40]} {[%emt 00:00:23]} 72. Ra5+ {[%clk
00:01:51]} {[%emt 00:00:08]} Ke6 {[%clk 00:00:47]} {[%emt 00:00:23]} 73. Ra6+
{[%clk 00:02:03]} {[%emt 00:00:18]} 1/2-1/2